01208cam a2200301 a 45000010008000000030010000080050017000180080041000350100017000760200015000930350020001080400020001280420014001480500024001620820016001861000026002022450107002282460024003352600037003593000026003965000152004225000079005746500044006537000043006977000017007407400060007578560089008174458174NUST-PNEC20170116180713.0950310s1995 flu f 000 0 eng d a 95134783  a0849337097 a(OCoLC)32124850 aNRRIcNRRIdDLC alccopycat00aTA403.4b.S482 199500a620.112 SHA1 aShackelford, James F.10aCRC practical handbook of materials selection /cJames F. Shackelford, William Alexander, Jun S. Park.10aMaterials selection aBoca Raton :bCRC Press,cc1995. axii, 625 p. ;c26 cm. ahttp://www.amazon.com/CRC-Practical-Handbook-Materials-Selection/dp/0849337097/ref=sr_1_1?s=books&ie=UTF8&qid=1413375145&sr=1-1&keywords=0849337097 aCompanion vol. to: CRC materials science and engineering handbook, 2nd ed. 0aMaterialsxMExHandbooks, manuals, etc.1 aAlexander, William,d1950 February 13-1 aPark, Jun S.0 aCRC materials science and engineering handbook, 2nd ed.423Publisher descriptionuhttp://www.loc.gov/catdir/enhancements/fy0744/95134783-d.html